000
00278nam a22001337a 4500
020
_a
81-303-0015X
082
_a
001
_b
ASI/M
100
_a
ASIMOV, ISAAC
245
_a
THESOLAE SYSTEM
_b
MARS
260
_a
MUMBAI
_b
SHLIKA PUBLICATIONS
300
_a
32
650
_a
GK
942
_c
BK
999
_c
6429
_d
6429